000 01805nam a2200337 c 4500
003 BLK
005 20180422101509.0
008 180408b bul|||||r ||||||| ||bul||
010 _aKNG00054432000
020 _a954-8401-38-Х
_bиздат.: Тракия-М
040 _aBLK
041 _aBUL
_cBUL
080 _aТуризмът от стопанско гледище. Политика по отношение на туризма. Икономика и организация на туризма. Вътрешен и международен туризъм. Вж и 379.8
_b338.48
_x
_z338.48
100 1 _aРибов, Манол Николов
_eпърви автор
_9246062
700 1 _aРибов, Манол Николов
_eпод ред. на
_9368498
139 _aСтратегическият избор в туризма
_bС 84
245 1 0 _aСтратегическият избор в туризма
_cМанол Николов Рибов; под ред. на Манол Николов Рибов.
257 _aBGR
260 София
_bТракия-М
_c2005
300 _a502 с.
_c24 см
380 _a3
500 _aДруги авт. : М. Станкова, Е. Александрова, М. Янева, Ж. Трифонова, Б. Станкова, В. Ганева-Караджова, И. Емилова, Л. Мартинова, Е. Великова, Б. Колева, М. Димитрова, Л. Христова, Д. Сулева. - Библиогр. след отд. гл.
590 _aф
650 4 _aТуризъм - управление и организация
_9270469
653 _aтуризъм
852 _aЦб 224170
856 4 _qpdf
_u
856 4 _qpdf
_u
942 _cKNG
_n0
944 _aCR
_c20.06.2005
_lф /
_kГеновева_Генчева
944 _aED
_c08.12.2008
_lф /
_k
999 _c50560
_d50560